00765nam a2200169 a 450000100100000000500170001000800410002702000150006804000250008324501490010826000620025730000580031949000450037750400730042271000550049583000450055000004222020201002040020.0131119s1981 sp f 000 0 spa d a840004942X aDO-SdBNPbspacBNPHU00aI. Madrigales Españoles Inéditos del siglo XVI :bII. Cancionero de la Casanatense /ctranscripción y estudio por Miguel Querol Gavaldá. aBarcelona :bInstituto Español de Musicología,c1981. a128 p., [4] h. de lám. :bil., partituras ;c32 cm.1 aMonumentos de la música españolav40 aIncluye referencias bibliográficas y notas al pie de las páginas2 aConsejo Superior de Investigaciones Científicas, 0aMonumentos de la música españolav40